| 000 | 00683nam a2200241Ia 4500 | ||
|---|---|---|---|
| 003 | OSt | ||
| 005 | 20220924120302.0 | ||
| 006 | a|||||r|||| 00| 0 | ||
| 007 | ta | ||
| 008 | 220923b |||||||| |||| 00| 0 urd d | ||
| 024 | _a317959 | ||
| 037 | _cTextual | ||
| 040 |
_aARTS _cARTS _burd |
||
| 041 |
_2urd _aurd |
||
| 082 | _aO41,3NSH,ZK, 168J3 | ||
| 100 |
_aShahieen Au. _9181493 |
||
| 245 | 0 | _aZulfon ke saye mein | |
| 260 |
_aDelhi _bMaktaba shahrah India _c1953 |
||
| 650 | _aCHINESE LITERATURE | ||
| 700 |
_a Ansari Zafar Tr. _9178696 |
||
| 942 |
_hO41,3NSH,ZK, 168J3 _cTEXL _2CC |
||
| 999 |
_c402118 _d402118 |
||